| 000 | 00000nas 2200000zi 4500 |
| 001 | 9.936716 |
| 003 | CaOODSP |
| 005 | 20240415082958 |
| 006 | m o d f |
| 007 | cr |n |||a|||| |
| 008 | 240412d20162016oncar p o f000#a0eng|d |
| 040 | |aCaOODSP|beng|erda|cCaOODSP |
| 043 | |an-cn--- |
| 086 | 1 |aCC548-7E-PDF |
| 110 | 1 |aCanada. |bWindsor-Detroit Bridge Authority, |eauthor, |eissuing body. |
| 245 | 10|a... annual report on the Privacy Act. |
| 264 | 1|a[Windsor, Ont.] : |bWDBA-APWD, |c[2016] |
| 310 | |aAnnual |
| 336 | |atext|btxt|2rdacontent |
| 337 | |acomputer|bc|2rdamedia |
| 338 | |aonline resource|bcr|2rdacarrier |
| 362 | 1 |aBegan with : 2015/2016; ceased with: 2015/2016. |
| 500 | |aIssued also in French under title: Rapport annuel de ... concernant la Loi sur la protection des renseignements personnels. |
| 588 | |aDescription based on: 2015/2016. |
| 588 | |aLatest issue consulted: 2015/2016. |
| 610 | 10|aCanada. |bWindsor-Detroit Bridge Authority|vPeriodicals. |
| 610 | 10|aCanada. |tPrivacy Act|vPeriodicals. |
| 650 | 0|aPrivacy, Right of|zCanada|vPeriodicals. |
| 655 | 7|aPeriodicals|2lcgft |
| 775 | 08|tRapport annuel de ... concernant la Loi sur la protection des renseignements personnels.|w(CaOODSP)9.936717 |
| 785 | 00|tPrivacy Act annual report ...|w(CaOODSP)9.936726 |